Výpočet odvodov v roku 2015 za zamestnancov na základe dohôd a ich účtovanie v sústave podvojného účtovníctva

Odvody na sociálne a zdravotné poistenie v prípade dohody o vykonaní práce, dohody o pracovnej činnosti s pravidelným príjmom a s nepravidelným príjmom.

Gespeichert in:
Bibliographische Detailangaben
1. Verfasser: Pakšiová, Renáta, 1974-
Format: Buchkapitel
Sprache:Slowakisch
Schlagworte:
Tags: Tag hinzufügen
Keine Tags, Fügen Sie das erste Tag hinzu!

MARC

LEADER 00000naa a2200000 4500
001 0200765
005 20240502073408.4
041 0 |a slo 
044 |a SK 
245 1 0 |a Výpočet odvodov v roku 2015 za zamestnancov na základe dohôd a ich účtovanie v sústave podvojného účtovníctva  |c Renáta Pakšiová 
520 |a Odvody na sociálne a zdravotné poistenie v prípade dohody o vykonaní práce, dohody o pracovnej činnosti s pravidelným príjmom a s nepravidelným príjmom. 
610 2 0 |a poistenie sociálne 
610 2 0 |a poistenie zdravotné 
610 2 0 |a odvody 
610 2 0 |a dohody o činnosti pracovnej 
610 2 0 |a dohody o vykonaní práce 
610 2 0 |a účtovníctvo podvojné 
100 1 |a Pakšiová, Renáta, 1974-